Digital signal processing telecommunications and multimedia technology / (Record no. 183880)

000 -LEADER
fixed length control field 00959 a2200193 4500
003 - CONTROL NUMBER IDENTIFIER
control field Nust
005 - DATE AND TIME OF LATEST TRANSACTION
control field 20221213095605.0
020 ## - INTERNATIONAL STANDARD BOOK NUMBER
International Standard Book Number 8121923255
040 ## - CATALOGING SOURCE
Transcribing agency Nust
082 ## - DEWEY DECIMAL CLASSIFICATION NUMBER
Classification number 621.3822,KHA
100 ## - MAIN ENTRY--PERSONAL NAME
Personal name Khanna, V. K.
9 (RLIN) 104698
245 ## - TITLE STATEMENT
Title Digital signal processing telecommunications and multimedia technology /
Statement of responsibility, etc. V. K. Khanna
260 ## - PUBLICATION, DISTRIBUTION, ETC.
Place of publication, distribution, etc. New Delhi
Name of publisher, distributor, etc. S.Chand
Date of publication, distribution, etc. 2003
300 ## - PHYSICAL DESCRIPTION
Extent 640 p.
505 ## - FORMATTED CONTENTS NOTE
Formatted contents note Communication and Information Systems overview (Page-1), Signal Processing Fundamentals (Page-82), Digital Coding of Analysis Waveforms (Page-257), Speech and Audio Processing (Page-312), Image and Video Signals Processing (Page-353), Digital Modulation Techniques (Page-423), Networks Principles (Page-477), Digital Satellite Communications (Page-522), High-Definition Television (Page-555), Multimedia Signal Processing and Communications (Page-578).
650 ## - SUBJECT ADDED ENTRY--TOPICAL TERM
Topical term or geographic name entry element Telecommunication Engineering
651 ## - SUBJECT ADDED ENTRY--GEOGRAPHIC NAME
General subdivision Multimedia
9 (RLIN) 104699
942 ## - ADDED ENTRY ELEMENTS (KOHA)
Source of classification or shelving scheme
Koha item type Book
Holdings
Withdrawn status Lost status Source of classification or shelving scheme Damaged status Not for loan Permanent Location Current Location Shelving location Date acquired Full call number Barcode Date last seen Price effective from Koha item type Public note
          Military College of Signals (MCS) Military College of Signals (MCS) General Stacks 12/12/2016 621.3822,KHA MCS30272 12/08/2016 12/12/2016 Book Almirah No.36, Shelf No.4
© 2023 Central Library, National University of Sciences and Technology. All Rights Reserved.